header

Nursing Diagnosis Handbook (Record no. 258038)

MARC details
000 -LEADER
fixed length control field 00407nam a22001577a 4500
003 - CONTROL NUMBER IDENTIFIER
control field OSt
005 - DATE AND TIME OF LATEST TRANSACTION
control field 20200122111525.0
008 - FIXED-LENGTH DATA ELEMENTS--GENERAL INFORMATION
fixed length control field 200122b xxu||||| |||| 00| 0 eng d
020 ## - INTERNATIONAL STANDARD BOOK NUMBER
International Standard Book Number 9780323036641
040 ## - CATALOGING SOURCE
Transcribing agency N/A
100 ## - MAIN ENTRY--PERSONAL NAME
Personal name Betty J. Ackley & Gail Ladwig
245 ## - TITLE STATEMENT
Title Nursing Diagnosis Handbook
Remainder of title :A guide to planning care
250 ## - EDITION STATEMENT
Edition statement 7th ed
260 ## - PUBLICATION, DISTRIBUTION, ETC. (IMPRINT)
Place of publication, distribution, etc U.S.A
Name of publisher, distributor, etc Mosby Inc
Date of publication, distribution, etc 2006
942 ## - ADDED ENTRY ELEMENTS (KOHA)
Source of classification or shelving scheme Library of Congress Classification
Koha item type Long Loan Books
Holdings
Withdrawn status Lost status Source of classification or shelving scheme Damaged status Not for loan Collection code Home library Current library Shelving location Date acquired Total Checkouts Full call number Barcode Date last seen Price effective from Koha item type
    Library of Congress Classification     Non-fiction Rongo University Library Rongo University Library General Stacks 22/01/2020   RT 48.6 A35 2006 201610038 22/01/2020 22/01/2020 Long Loan Books

© 2026 Rongo University
Contact us: librarian | system librarian | Rongo university